[Event "12th Agzamov Memorial 2018"]
[Site "Tashkent"]
[Date "2018.04.29"]
[Round "8"]
[White "Yakubboev, Nodirbek"]
[Black "Vokhidov, Shamsiddin"]
[Result "1-0"]
[WhiteElo "2482"]
[BlackElo "2414"]
[Annotator "TA"]
[PlyCount "98"]
[EventDate "2018.??.??"]
[EventType "swiss"]
[EventCountry "UZB"]
[SourceTitle "playchess.com"]
[Source "ChessBase"]
[SourceQuality "1"]

{[%evp 15,98,45,64,29,60,50,49,53,51,47,45,28,50,50,47,41,45,29,41,41,59,48,81,54,74,49,67,74,74,69,74,66,87,62,57,48,83,77,83,83,83,65,70,74,75,79,76,66,68,66,61,81,71,64,147,154,207,160,390,214,722,713,1198,1028,878,285,2028,2026,1926,1810,1752,1749,1731,1190,2316,1879,1847,1760,2846,3054,3008,2608,7710,3118,29992]} 1. d4 d5 2. c4 e6 3. Nf3 c6 4. e3 f5 5. Bd3 Bd6 6. O-O Nd7 {A84: Dutch Defence: 2 c4 Miscellaneous} (6... Nf6 7. b3 Qe7 8. Bb2 O-O 9. Qc1 Ne4 10. Ba3 Nd7 11. Bxd6 Qxd6 12. Qa3 c5 13. cxd5 exd5 14. Nbd2 b6 15. Rac1 Bb7 16. Rfd1 Qh6 17. dxc5 bxc5 {1-0 (58) Karjakin,S (2753)-Wei,Y (2724) Heixiazi 2015}) 7. b3 Qe7 8. Bb2 Nh6 {LiveBook: 3 Games. White is slightly better.} 9. Qc1 b6 $146 ({Predecessor:} 9... O-O 10. Ba3 Nf7 11. Bxd6 Nxd6 {½-½ (11) Prusikin,M (2541)-Bromberger,S (2511) Germany 2012}) 10. Ba3 {And now cxd5 would win.} Bb7 11. Bxd6 Qxd6 12. Nc3 O-O 13. Rd1 Qe7 14. Qb2 Nf7 15. Rac1 Rac8 16. Nd2 Kh8 17. b4 dxc4 18. Nxc4 Nd6 19. Nxd6 Qxd6 20. Ne2 {[%cal Bc3e2,Be2f4,Bf4d3,Bd3e5,Be5c6][%mdl 32]} Qe7 21. Nf4 e5 22. dxe5 Nxe5 23. Bf1 Rfd8 24. Rd4 Rxd4 25. exd4 Ng4 26. Nd3 Ba6 27. h3 Nf6 28. Re1 Qf8 29. Ne5 Bxf1 30. Kxf1 Qg8 31. Qc2 g6 32. Nxc6 Qd5 33. Rc1 Qd6 {Threatening ...Qh2.} 34. Kg1 Nd5 ({Better is} 34... a6 $1 $14) 35. b5 $16 {[%cal Bb4b5,Bb5c6,Bc6c7][%mdl 32]} Nb4 (35... Kg7 $16 36. a4 Qe6) 36. Qc4 $18 {Black must now prevent d5.} a5 $2 {[#]} (36... Nd5 $16 {might work better.} 37. a4 Kg7) 37. a3 (37. d5 $142 $1 {[%mdl 512]} Re8 (37... Nxd5 38. Rd1) 38. a3 Nxc6 39. bxc6) 37... Nxc6 $2 (37... Nd5 38. Re1 Kg7) 38. bxc6 Qxa3 {[%mdl 4096] Endgame KQR-KQR} 39. c7 Qd6 40. d5 $2 (40. Qf7 {d5 is the strong threat.} b5 41. Re1 Qxc7 42. Re8+ Rxe8 43. Qxc7) 40... Kg7 $2 {[#]} (40... Kg8 41. g3 a4 42. Qxa4 Rxc7) 41. Qd4+ {White is clearly winning.} Qf6 42. Qd2 Qd6 43. Rc6 Qd7 44. Qd4+ Kf7 45. Qxb6 a4 46. d6 a3 47. Qb3+ Kg7 48. Ra6 Re8 49. Qxa3 Qd8 {Precision: White = 70%, Black = 29%.} 1-0

[Event "12th Agzamov Memorial 2018"]
[Site "Tashkent"]
[Date "2018.04.29"]
[Round "8"]
[White "Kotanjian, Tigran"]
[Black "Kurbonboeva, Sarvinoz"]
[Result "1-0"]
[WhiteElo "2481"]
[BlackElo "2219"]
[Annotator "TA"]
[PlyCount "115"]
[EventDate "2018.??.??"]
[EventType "swiss"]
[EventCountry "UZB"]
[SourceTitle "playchess.com"]
[Source "ChessBase"]
[SourceQuality "1"]

{[%evp 33,115,16,35,31,31,31,38,19,27,27,34,2,0,0,0,12,8,8,7,8,0,6,12,0,26,18,10,4,12,15,21,13,14,22,24,26,70,7,50,51,69,70,64,47,110,112,190,195,191,191,227,191,190,107,156,208,338,328,458,447,446,445,1297,1680,1168,1680,1061,687,5328,2116,2116,1857,1154,808,29961,11689,29977,29979,29981,29978,29985,29986,29987,29985]} 1. d4 Nf6 2. c4 g6 3. Nc3 Bg7 4. e4 d6 5. Nf3 O-O 6. Be2 e5 7. O-O Nc6 8. d5 Ne7 9. b4 Nh5 10. Re1 f5 11. Ng5 Nf6 12. Bf3 h6 13. Ne6 {E97: King's Indian: Classical Main Line (6...e5 7 0-0 Nc6): 8 Be3 and 8 d5 Ne7, not 9 Ne1} Bxe6 14. dxe6 c6 15. Bb2 fxe4 16. Nxe4 Nxe4 17. Rxe4 d5 {LiveBook: 52 Games} 18. cxd5 cxd5 19. Rxe5 Bxe5 20. Bxe5 Qb6 {[#]} 21. Bb2 $146 Rad8 22. a3 Qxe6 23. Qd4 {[%csl Gb2][%cal Rd4g7] [#]} Nf5 24. Qh8+ Kf7 {[%cal Bg8f7,Bf7e8,Be8f8][%mdl 32]} 25. Qh7+ Ke8 26. Qxb7 Rf7 27. Qb5+ Kf8 28. Qd3 Nh4 29. Be2 Qe4 {[%csl Gh4][%cal Re4g2] [#]} 30. f3 Qxd3 31. Bxd3 Nf5 32. Rc1 d4 33. Rc6 Kg7 34. Kf2 Rfd7 35. Ke2 (35. g4 $1 $14 Ne7 36. Re6) 35... Ne7 36. Ra6 {[%mdl 1024] White has compensation.} Rc7 37. b5 Kf7 38. Kd2 Rb7 ({Black should play} 38... Nf5 $1 $14) 39. a4 $16 Rc7 (39... h5 $16 {might work better.}) 40. g4 $18 h5 41. g5 h4 42. Rf6+ Kg7 43. Be4 (43. f4 $18) 43... Nf5 44. Kd3 Rcd7 (44... Ne7 $142 45. a5 (45. Bxd4 Rcd7 $16) 45... Nf5) 45. a5 {[%cal Ba4a5,Ba5b6][%mdl 32]} h3 46. b6 axb6 47. axb6 Rb8 (47... Rf7 $142 48. Re6 Rfd7) 48. Bxf5 gxf5 49. Bxd4 {[%mdl 4096] Endgame KRR-KRB} Kg8 50. Rh6 {aiming for Rh8+.} Rbd8 51. Rh8+ Kf7 52. Rxd8 Rxd8 {KR-KB} 53. Kc4 Ke6 54. g6 {[%cal Bg5g6,Bg6g7][%mdl 32]} Kd6 55. Kb5 {White mates.} Rg8 56. g7 Ke6 57. b7 Kf7 58. Be5 {Precision: White = 77%, Black = 33%.} 1-0

[Event "12th Agzamov Memorial 2018"]
[Site "Tashkent"]
[Date "2018.04.29"]
[Round "8"]
[White "Dzhumaev, Marat"]
[Black "Fayzullaev, Akmal"]
[Result "0-1"]
[WhiteElo "2451"]
[BlackElo "2382"]
[Annotator "TA"]
[PlyCount "110"]
[EventDate "2018.??.??"]
[EventType "swiss"]
[EventCountry "UZB"]
[SourceTitle "playchess.com"]
[Source "ChessBase"]
[SourceQuality "1"]

{[%evp 20,110,2,3,45,32,86,82,73,57,50,31,41,44,52,46,53,56,41,39,65,64,58,43,81,68,77,74,64,65,69,69,76,51,55,58,97,50,96,89,60,61,104,89,142,114,133,129,127,93,138,120,181,202,329,263,333,200,197,186,377,163,191,77,90,6,100,90,97,95,264,97,715,703,591,569,729,663,558,0,714,689,5833,5836,5122,5106,1745,0,0,-1083,-1071,-923,-572]} 1. e4 c5 2. Nf3 d6 3. d4 cxd4 4. Nxd4 Nf6 5. Nc3 Nc6 6. Be2 e5 7. Nf3 h6 8. O-O Be7 9. Re1 O-O 10. h3 Be6 11. Bf1 {LiveBook: 700 Games. B58: Classical Sicilian: 6 Be2} Ne8 (11... Qa5 12. Bd2 {½-½ (12) Kovchan,A (2596)-Baklan,V (2600) Trieste 2017}) 12. Nd5 f5 $146 ({Better is} 12... Qd7 $14) ({Predecessor:} 12... Qd7 13. c4 Bd8 14. a3 f5 15. exf5 Bxf5 16. Bd3 Be6 17. Be4 Qf7 18. Be3 Nc7 {½-½ (62) Rabatin,J (2164)-Skut,M (2058) Pavla Vlachovice 2010}) 13. exf5 $1 $16 {White is better.} Bxf5 14. Bd3 Qd7 15. c4 Bd8 16. Bxf5 Qxf5 17. Be3 Rf7 18. Qb3 Rc8 19. Rac1 Nf6 20. Red1 Nd7 21. Qc2 ({Not} 21. Qxb7 $2 Nc5 $19) 21... Qe6 22. Qe4 Nc5 23. Bxc5 dxc5 24. Re1 {[%cal Rf3e5]} Ba5 25. Re3 {[%cal Rf3e5]} Rcf8 26. Rf1 {[%cal Rf3e5]} Re8 $1 27. a3 Qd6 28. h4 {[%cal Bh3h4,Bh4h5][%mdl 32]} Rff8 29. h5 Bd8 30. Rfe1 Re6 31. Qg4 Rfe8 ({Black should play} 31... Ree8) 32. Nd2 Nd4 33. Ne4 Qf8 34. Rg3 {Nxc5! is the strong threat.} b6 35. b4 $36 {[%mdl 2048] Keeping Black busy.} cxb4 (35... Rc6 $16) 36. axb4 $18 Rc6 (36... Qf7 $142 37. b5 Rf8) 37. Qd7 Ree6 38. c5 bxc5 39. bxc5 Be7 $2 (39... Ba5 {was called for.} 40. Ree3 Qf7 41. Qxf7+ Kxf7) 40. Qxa7 (40. Nc7 $142) 40... Bxc5 41. Qb7 (41. Nxc5 $18 Rxc5 42. Rxg7+ $1 {[%mdl 512]} Qxg7 43. Qxc5) 41... Kh8 42. Kh2 ({White should try} 42. Rg4 $16 Ba3 43. Ra1 Rc1+ 44. Rxc1 Bxc1 45. Qd7) 42... Be7 (42... Re8 $1 $11 {remains equal.} 43. Rg6 Rb8) 43. Ra1 $16 Rc8 44. Ra7 {[%cal Rd5e7]} Rb8 $2 {[#]} (44... Re8 $16 45. Nc7 Rb8 46. Nxe6 Rxb7 47. Nxf8 Rxa7 48. Ng6+ Kg8) 45. Qc7 $2 (45. Qd7 $1 $18 {[%cal Rd5e7] and the rest is easy.} Re8 46. Nc7) 45... Rc8 $2 {[%mdl 8192]} (45... Re8 $16) 46. Qxe7 $18 Rxe7 47. Nxe7 {Threatening mate with Ng6+.} Qe8 48. Ng6+ Kg8 49. Ne7+ Kh8 50. Nxc8 Qxc8 51. Rgxg7 Qf5 52. Ng3 Qxf2 {[#]} 53. Kh3 $2 (53. Raf7 $1 $18 Qc2 54. Rg4) 53... Ne6 $1 $11 {[%cal Re6g7]} 54. Rg6 $2 {[%mdl 8192]} (54. Rge7 $11 Ng5+ 55. Kh2 Nf3+ 56. Kh3 Ng5+ 57. Kh2 Nf3+ 58. Kh3 Ng5+) 54... Nf4+ $19 55. Kg4 Qxa7 {Precision: White = 51%, Black = 34%.} 0-1

[Event "12th Agzamov Memorial 2018"]
[Site "Tashkent"]
[Date "2018.04.29"]
[Round "8"]
[White "Nigmatov, Ortik"]
[Black "Levin, Evgeny A"]
[Result "1/2-1/2"]
[WhiteElo "2438"]
[BlackElo "2543"]
[Annotator "TA"]
[PlyCount "28"]
[EventDate "2018.??.??"]
[EventType "swiss"]
[EventCountry "UZB"]
[SourceTitle "playchess.com"]
[Source "ChessBase"]
[SourceQuality "1"]

{[%evp 15,20,-14,-6,-18,-15,-7,-2]} 1. e4 e6 2. d4 d5 3. Nc3 Nf6 4. exd5 exd5 5. Bd3 Nc6 6. Nge2 Nb4 7. O-O {C01: French: Exchange Variation} (7. Bg5 Be7 8. O-O c6 9. Re1 O-O 10. Ng3 Nxd3 11. Qxd3 h6 12. Bf4 Re8 13. Re2 Bf8 14. Rae1 Rxe2 15. Rxe2 Be6 16. Nd1 {0-1 (45) Flierl,P (2230)-Meier,G (2648) Germany 2017}) 7... Nxd3 8. Qxd3 Be7 {LiveBook: 4 Games. The position is equal.} 9. Ng3 O-O 10. Re1 c6 {Predecessor:} 11. Bf4 $146 Re8 12. Re2 Bf8 13. Rae1 Rxe2 14. Rxe2 Bg4 {0-1 (56) Theuretzbacher,K (2250)-Lentrodt,T (2252) Austria 2013} 1/2-1/2

[Event "12th Agzamov Memorial 2018"]
[Site "Tashkent"]
[Date "2018.04.29"]
[Round "8"]
[White "Duzhakov, Ilya"]
[Black "Sindarov, Javokhir"]
[Result "0-1"]
[WhiteElo "2421"]
[BlackElo "2431"]
[Annotator "TA"]
[PlyCount "114"]
[EventDate "2018.??.??"]
[EventType "swiss"]
[EventCountry "UZB"]
[SourceTitle "playchess.com"]
[Source "ChessBase"]
[SourceQuality "1"]

{[%evp 20,114,50,25,35,22,61,71,74,60,49,44,47,54,56,53,47,59,62,48,56,55,43,39,37,0,0,0,0,0,0,0,0,0,0,0,0,-25,11,-60,118,81,107,79,1039,1015,1020,1016,966,945,926,882,739,688,29979,29973,29986,29987,29986,1242,29974,2885,1882,0,763,76,81,0,0,-300,-302,-309,-284,-296,-274,-262,-248,-497,-412,-533,-502,-634,-647,-620,-614,-720,-707,-29989,-29990,-29990,-29991,-29996,-29997,-29997,-29998,-29998,-29999]} 1. e4 d6 2. d4 Nf6 3. Nc3 e5 4. Nf3 Nbd7 5. Bc4 Be7 6. a4 O-O 7. O-O c6 8. Re1 a5 9. h3 h6 10. Be3 Re8 {C41: Philidor Defence} 11. Qb1 {LiveBook: 6 Games} Nb6 $146 ({Predecessor:} 11... exd4 12. Bxd4 Nf8 13. Qa2 Be6 14. Rad1 Nh5 15. Re3 Qc8 16. Ne2 Bxc4 17. Qxc4 Ng6 18. Bc3 {0-1 (34) Zhu,H (2304)-Sambuev,B (2538) Montreal 2016}) 12. Bb3 Nfd7 {The position is equal.} 13. Qa2 {dxe5 is the strong threat.} Rf8 14. Rad1 Qc7 15. Ne2 c5 16. c3 {[%cal Bc2c3,Bc3d4][%mdl 32]} exd4 17. cxd4 c4 18. Bc2 d5 19. Bf4 Qd8 20. Nc3 dxe4 21. Bxe4 {Threatens to win with Nb5.} Nf6 22. d5 {Hoping for d6.} (22. Bc2 {is more complex.} Bb4 23. Ne5 Be6 24. Qb1 Nbd5 25. Bd2) 22... Nxe4 23. Rxe4 Bf5 24. Re5 {[%cal Be4e5,Be5h5,Bh5h6][%mdl 32]} Bc2 25. Rd2 Bb3 26. Qb1 Nxa4 27. Nxa4 Bxa4 28. Rh5 Bb4 29. Bxh6 (29. Rd4 $11) 29... gxh6 $2 (29... Qd6 $1 $15 {stays ahead.} 30. Bxg7 Qg6 31. Qxg6 fxg6 32. Bxf8 Rxf8) 30. Rxh6 $16 {[%csl Gh6][%cal Rb1h7]} f5 31. Rd4 $40 {[%mdl 128] aiming for Rg4+! White attacks with force.} Ra6 $2 {[%mdl 8192] [#]} (31... Kg7 $16 32. Qc1 Be7) 32. Rg4+ $1 $18 {[%mdl 512]} Kf7 (32... fxg4 33. Qh7#) 33. Qxf5+ Ke8 34. Re4+ Be7 35. Qh5+ Kd7 36. Rh7 Re8 37. Rxc4 Rf6 38. Qg4+ Kd6 39. Rxa4 (39. Qg3+ $142 Kxd5 40. Rc3 Rf5 41. Qg4 Ke6 42. Nd4+ Qxd4 43. Qxd4 Re5 44. Qg4+ Rf5 45. Qxa4) 39... Qb6 40. Qg3+ (40. Rc4 $142 Rd8 41. Qg3+ Kd7 42. Ne5+ Ke8 43. Qg8+ Rf8 44. Rxe7+ Kxe7 45. Ng6+ Kf6 46. Rf4+ Kg5 47. h4+ Kh6 48. Nxf8) 40... Kc5 41. Qg4 $2 ({White should try} 41. Nd4 $18) 41... Qxb2 $2 {[%mdl 8192]} (41... Kd6 $11 42. Qg3+ Kd7) 42. Qc4+ $2 (42. Re4 $18 {has better winning chances.}) 42... Kb6 $16 {Strongly threatening ...Rxf3.} 43. Qd3 ({Better is} 43. Qf1 $16 Qc2 44. Rah4) 43... Bc5 $1 $11 44. Kh1 $2 {[%mdl 8192] [#]} (44. Kh2 $11) 44... Rxf3 $1 $19 45. Qg6+ Rf6 46. Qxe8 {White wants to mate with Qd8+.} Qb1+ 47. Kh2 {Qd8+ would kill now.} Qxh7 48. f4 $2 (48. Qd8+ {was the only defense.} Qc7+ 49. Qxc7+ Kxc7 50. Rxa5) 48... Qc7 49. Qe1 {[%csl Ga4][%cal Re1a5]} Ka6 50. Qf1+ b5 51. Re4 Bb6 52. Qf3 Qc1 {( -> ...Rg6)} 53. Qg4 Bg1+ {Black mates.} 54. Kg3 Qc3+ 55. Qf3 Rg6+ 56. Kh4 Qh8+ 57. Qh5 Bf2+ {Precision: White = 41%, Black = 61%.} 0-1

[Event "12th Agzamov Memorial 2018"]
[Site "Tashkent"]
[Date "2018.04.29"]
[Round "8"]
[White "Saydaliev, Saidakbar"]
[Black "Malakhatko, Vadim"]
[Result "1/2-1/2"]
[WhiteElo "2361"]
[BlackElo "2516"]
[Annotator "TA"]
[PlyCount "37"]
[EventDate "2018.??.??"]
[EventType "swiss"]
[EventCountry "UZB"]
[SourceTitle "playchess.com"]
[Source "ChessBase"]
[SourceQuality "1"]

{[%evp 10,37,24,12,21,8,8,8,8,8,8,8,8,8,8,8,10,8,9,10,52,17,18,22,27,22,21,25,32,34]} 1. d4 e6 2. c4 Bb4+ 3. Bd2 a5 4. g3 d5 (4... Nc6 5. Bg2 d6 6. e3 e5 7. d5 Bxd2+ 8. Qxd2 Nb8 9. Nc3 Na6 10. Nge2 Nf6 11. h3 Nc5 12. g4 {½-½ (74) Ivanisevic,I (2650)-Caruana,F (2808) Baku 2016}) 5. Nf3 dxc4 6. Bg2 {LiveBook: 14 Games. A40: Unusual replies to 1 d4} Ne7 $146 ({Predecessor:} 6... Nc6 7. Bc3 Nge7 8. a3 Bxc3+ 9. Nxc3 O-O 10. O-O Rb8 11. Rc1 b6 12. e4 {1-0 (35) Prohaszka,P (2607)-Luther,T (2567) Austria 2016}) 7. a3 Bxd2+ 8. Nbxd2 {The position is equal.} b5 9. b3 cxb3 $1 10. Qxb3 c6 11. O-O {[%cal Bh1f1,Bf1c1,Bc1c5][%mdl 32]} O-O 12. Rfc1 Nd7 13. e3 Ba6 14. Ne4 Qb8 15. Nc5 Nxc5 16. Rxc5 Bb7 17. Ne5 Qd6 18. Rac1 {[%cal Re5c6]} Ra6 19. h4 {Precision: White = 54%, Black = 70%.} 1/2-1/2

[Event "12th Agzamov Memorial 2018"]
[Site "Tashkent"]
[Date "2018.04.29"]
[Round "8"]
[White "Tokhirjonova, Gulrukhbegim"]
[Black "Arutyunyan, Armen"]
[Result "1-0"]
[WhiteElo "2348"]
[BlackElo "2255"]
[Annotator "TA"]
[PlyCount "131"]
[EventDate "2018.??.??"]
[EventType "swiss"]
[EventCountry "UZB"]
[SourceTitle "playchess.com"]
[Source "ChessBase"]
[SourceQuality "1"]

{[%evp 13,131,0,4,0,7,0,10,-14,21,12,14,18,38,0,74,-25,-19,-12,38,-5,-15,-22,0,0,0,-61,-40,-33,0,0,0,-12,23,20,89,78,79,32,54,54,59,26,33,34,85,84,84,70,84,84,84,84,86,95,77,84,93,72,87,66,75,0,150,150,172,172,172,172,175,176,176,176,255,253,242,233,213,186,285,236,234,232,495,503,460,425,655,665,652,646,648,637,639,650,612,521,660,681,718,704,768,795,1381,1633,1386,1352,3483,2525,29978,29979,29977,29978,29983,29982,29983,29984,29984,29985,29985,29986]} 1. d4 g6 2. c4 Bg7 3. Nc3 c5 4. d5 Bxc3+ 5. bxc3 f5 6. h4 Nf6 {A40: Unusual replies to 1 d4} 7. Nf3 d6 {LiveBook: 11 Games} 8. Bf4 (8. h5 Nxh5 9. Rxh5 gxh5 10. e4 fxe4 11. Ng5 Bg4 12. Qc2 e5 13. Qxe4 Nd7 14. Nxh7 {½-½ (88) Cheparinov,I (2690)-Kuzubov,Y (2638) Kocaeli 2015}) 8... Qa5 {The position is equal.} 9. Qb3 Nbd7 10. e3 Nb6 $146 ({Predecessor:} 10... b5 11. cxb5 Bb7 12. Nd2 Bxd5 13. Nc4 Qc7 14. Rd1 {½-½ (23) Saharinen,P (1854)-Koskinen,E (2278) ICCF email 2017}) 11. Bd3 Qa6 12. Be2 Bd7 13. Nd2 (13. a4 $5) 13... O-O-O (13... Ba4 $11 {remains equal.} 14. Qb1 Bd7) 14. f3 (14. a4 $1 $16) 14... Nh5 15. Bh2 Rhf8 16. Kf2 (16. a4 $5) 16... Ba4 17. Qa3 Bb5 18. Qb3 Ba4 19. Qb1 (19. Qa3 $11) 19... Nd7 20. Bd1 Bxd1 21. Rxd1 {[%cal Bh1d1,Bd1b1,Bb1b5][%mdl 32]} Qa5 22. Qc2 Ne5 23. a4 f4 (23... e6 $11) 24. Rdb1 Rd7 25. Rb5 Qd8 $1 26. exf4 Nxf4 27. Bxf4 Rxf4 28. g3 Rf7 (28... Rf6 $14) 29. Kg2 Rc7 30. Qe4 Qd7 31. f4 Ng4 32. Re1 Qf5 33. Nf3 $36 {[%cal Bd2f3,Bf3h2,Bh2g4,Bg4h6][%mdl 2080] White is on the roll.} h6 34. Rb2 Rd7 35. Nh2 Nf6 36. Qe6 Rg7 37. Re3 ({White should try} 37. Qxf5 $16 gxf5 38. Nf1) 37... Ne8 {[#]} (37... Qxe6 $11 38. Rxe6 g5) 38. Ng4 $1 $16 {Black must now prevent Qxf5.} h5 {[#]} 39. Qxf5 $1 gxf5 40. Nh6 Rh7 41. Nxf5 Rf7 42. Nh6 Rf6 (42... Rh7 $142) 43. Re6 $18 Ng7 44. Rxf6 exf6 {[%mdl 4096] Endgame KRN-KRN} 45. g4 Re7 (45... hxg4 {was called for.} 46. Nxg4 Nf5) 46. Kf3 Re1 47. Re2 Rh1 $2 (47... hxg4+ 48. Nxg4 Rxe2 49. Kxe2 Nf5) 48. Re7 hxg4+ 49. Kxg4 f5+ (49... Rg1+ $142 50. Kf3 Kb8) 50. Kg5 Rg1+ 51. Kf6 Nh5+ 52. Kxf5 Ng7+ 53. Kf6 Nh5+ 54. Kf7 Rg7+ 55. Kf8 Rg6 56. Nf5 Kd8 57. Re6 Nxf4 58. Rxd6+ Rxd6 59. Nxd6 {KN-KN} Ng6+ 60. Kf7 Nxh4 61. Nxb7+ {White mates.} Kc7 62. Nxc5 Nf5 63. Ne4 Ne3 64. d6+ Kd7 65. c5 Nc4 66. Nf6+ {Precision: White = 64%, Black = 31%.} 1-0

[Event "12th Agzamov Memorial 2018"]
[Site "Tashkent"]
[Date "2018.04.29"]
[Round "8"]
[White "Tillyaev, Ulugbek"]
[Black "Pourramezanali, Amirreza"]
[Result "0-1"]
[WhiteElo "2292"]
[BlackElo "2536"]
[Annotator "TA"]
[PlyCount "121"]
[EventDate "2018.??.??"]
[EventType "swiss"]
[EventCountry "UZB"]
[SourceTitle "playchess.com"]
[Source "ChessBase"]
[SourceQuality "1"]

{[%evp 16,121,0,-7,4,0,0,-19,-31,-40,-30,-24,-20,-32,-29,-17,-18,-20,0,0,0,-31,0,0,0,0,0,0,0,0,0,-46,-38,-156,-140,-144,-139,-135,-107,-126,-82,-82,-85,-80,-83,-85,-88,-83,-74,-96,-101,-95,-42,-49,-17,-118,-34,-35,-39,-157,-167,-253,-244,-230,-229,-224,-209,-328,-318,-304,-306,-448,-367,-422,-429,-380,-347,-310,-302,-277,-261,-512,-508,-556,-188,-550,-546,-464,-402,-331,0,-565,-486,-1514,-1022,-1095,-1022,-1015,-596,-1829,-584,-29975,-29975,-29972,-29973,-29973,-29975,-29990]} 1. e4 c5 2. Nf3 g6 3. d4 cxd4 4. Nxd4 Bg7 5. Nc3 Nc6 6. Be3 Nf6 7. Nxc6 bxc6 8. e5 Ng8 9. Bd4 Qc7 {B34: Sicilian: Accelerated Dragon with 5 Nc3: sidelines} (9... f6 10. exf6 Nxf6 11. Bc4 d5 12. Bb3 O-O 13. O-O Rb8 14. Bxa7 Rb4 15. f3 Ba6 16. Re1 Qd6 17. Bf2 Kh8 {0-1 (65) Sychev,K (2510)-Antipov,M (2588) Moscow 2017}) 10. f4 Nh6 11. Ne4 O-O {The position is equal.} 12. Bc3 Nf5 13. Qd2 d5 $146 ({Predecessor:} 13... c5 14. O-O-O Bb7 15. Ng3 Nd4 16. Bd3 d6 17. Bxd4 cxd4 18. exd6 Qxd6 {0-1 (25) Hamberger,H (2066)-Anka,E (2477) Bayern 2003}) 14. exd6 Nxd6 15. Nc5 Bxc3 16. Qxc3 Nf5 {[%cal Bd6f5,Bf5e3,Be3d5,Bd5b4][%mdl 32]} 17. g3 Rd8 18. Bd3 Qb6 {aiming for ...Rd5.} 19. O-O-O Ne3 20. Rde1 Nd5 $36 {[%mdl 2048] Black has the initiative.} 21. Qc4 Rb8 22. Nb3 Be6 23. Kb1 a5 24. Re5 {[#]} (24. Qc5 $15) 24... a4 $1 $17 {[%cal Ra4b3][%mdl 512]} 25. Qxa4 {[#]} Nb4 $1 {[%cal Rb4d3]} 26. Qa5 Bxb3 ({Much worse is} 26... Nxd3 $6 27. Qxb6 Rxb6 28. Rd1 $11) 27. axb3 Qxa5 ({Inferior is} 27... Nxd3 28. Qxb6 Rxb6 29. Rd1 $11) 28. Rxa5 Nxd3 29. cxd3 Rxd3 {[%mdl 4096] Endgame KRR-KRR} 30. Rc1 Rdxb3 31. Rc2 e6 32. Ra7 h5 33. Rc7 {[#]} R8b6 (33... h4 $1 $17 {[%mdl 512]} 34. gxh4 Rf3 35. R7xc6 Rxf4) 34. Kc1 $15 {[#]} h4 $1 {[%mdl 512]} 35. Rd2 (35. R7xc6 $11 {keeps the balance.} Rxc6 36. Rxc6) (35. gxh4 Rf3) 35... Rb7 ({Resist} 35... hxg3 36. Rd8+ Kg7 37. Rdd7 $11) (35... R6b5 $17 36. Rdd7 Rf5) 36. Rxb7 Rxb7 37. gxh4 {KR-KR} (37. Rd8+ $15 Kg7 38. Kc2) 37... Rb4 $17 38. Rc2 (38. h5 $142) 38... Rxf4 $19 39. Rxc6 Rxh4 40. Rc2 f5 41. b3 (41. Re2 $142) 41... Kf7 42. Rb2 Rg4 43. Kb1 (43. Re2 $142) 43... Ke7 44. b4 Kd7 45. Ka2 e5 {[%cal Be6e5,Be5e4][%mdl 32]} 46. Kb3 Kc6 47. Rc2+ Kb6 48. Re2 $2 (48. Rc8) 48... e4 49. Kc4 Rg1 $2 (49... e3+ 50. Kd3 f4) 50. Kd4 $2 (50. h4 {was the crucial defense.}) 50... Kb5 51. Rb2 Rg4 52. Ke3 Rg1 $2 (52... Rg5 $19 {Hoping for ...Rg4.} 53. Kf4 Rg4+ 54. Ke3 Rg1) 53. h4 $2 {[%mdl 8192]} (53. Kd4 $1 $11 {and White has nothing to worry.} Rd1+ 54. Ke5) 53... Rg4 54. h5 (54. Rh2 $142 Kxb4 55. Kd4) 54... gxh5 55. Kd4 Rf4 56. Rh2 h4 57. Ke5 Rf1 (57... Rf3 $142 {And now ...e3 would win.} 58. Kd4 h3) 58. Rxh4 e3 {Black mates.} 59. Rh2 Rf2 60. Rh1 e2 61. Kd4 {Precision: White = 29%, Black = 59%.} 0-1

[Event "12th Agzamov Memorial 2018"]
[Site "Tashkent"]
[Date "2018.04.29"]
[Round "8"]
[White "Kasimov, Ali"]
[Black "Khusenkhojaev, Muhammad"]
[Result "0-1"]
[WhiteElo "2027"]
[BlackElo "2456"]
[Annotator "TA"]
[PlyCount "78"]
[EventDate "2018.??.??"]
[EventType "swiss"]
[EventCountry "UZB"]
[SourceTitle "playchess.com"]
[Source "ChessBase"]
[SourceQuality "1"]

{[%evp 13,78,8,35,4,16,-26,-36,-32,-25,-45,-54,-43,-14,-23,-14,-54,-56,-60,-60,-44,-60,-60,-60,-59,-60,-50,-35,-66,-61,-81,-85,-108,-115,-127,-102,-115,-107,-111,-113,-128,-124,-119,-122,-190,-188,-183,-189,-199,-197,-168,-131,-134,-125,-181,-131,-239,-190,-514,-483,-644,-666,-1768,-1812,-1288,-1456,-1477,-1212]} 1. d4 Nf6 2. c4 g6 3. Nc3 d5 4. Bf4 Bg7 5. e3 c5 6. dxc5 Qa5 7. Rc1 Be6 {LiveBook: 5 Games. D82: Grünfeld: 4 Bf4} 8. Nge2 $146 {Threatening Nd4.} ({Much weaker is} 8. cxd5 Nxd5 9. Bb5+ Nc6 $15) ({Predecessor:} 8. Qa4+ Qxa4 9. Nxa4 Nc6 10. Nf3 O-O 11. Ne5 Rac8 12. Nxc6 Rxc6 13. Be5 dxc4 14. Be2 Nd7 15. Bxg7 Kxg7 {0-1 (46) Barseghyan,H (2464)-Vachier Lagrave,M (2789) chess.com INT 2018}) 8... Nc6 9. Qa4 ({Reject} 9. cxd5 Nxd5 10. Qa4 Nxf4 $17) 9... Qxa4 {Black has an edge.} 10. Nxa4 dxc4 11. Nec3 O-O 12. Be2 Rac8 13. O-O Nd7 {[%cal Bf6d7,Bd7e5,Be5d3][%mdl 32]} 14. Nb5 Nde5 15. Rfd1 Nd3 16. Bxd3 cxd3 17. Rxd3 Nb4 18. Rd2 Nxa2 19. Ra1 Bb3 $36 {[%mdl 2048] Black fights for an advantage.} 20. Nbc3 Rfd8 21. Rxd8+ Rxd8 22. h3 Nb4 23. c6 Nxc6 {And now ...b6 would win.} 24. Nc5 {[#]} Rd2 $1 {[%cal Rd2b2]} 25. Nxb3 Rxb2 26. Nd4 Nxd4 27. exd4 Bxd4 28. Nd1 (28. Nd5 $17 {was called for.}) 28... Rxf2 $1 $19 29. Nxf2 Bxa1 30. Nd3 Bd4+ 31. Kf1 a5 {[%cal Ba7a5,Ba5a4][%mdl 32]} 32. Ke2 a4 33. Bc1 (33. Nb4 $17 {was necessary.}) 33... f5 34. Ba3 (34. Nb4 $17) 34... Kf7 35. Bb4 $2 {[#]} (35. Nf4 {is more resistant.}) 35... e5 {Black is clearly winning.} 36. g4 Ke6 37. Nc5+ Bxc5 38. Bxc5 Kd5 39. Ba3 Kc4 {Precision: White = 24%, Black = 79%.} 0-1